000 00405nam a22001577a 4500
008 250404b |||||||| |||| 00| 0 eng d
020 _a97809265441
050 _aRM315
_b.I63
100 _aInaba Darry S
245 _aUppers Downers all arounders
250 _a2nd
260 _aAshland
_bCNS Production INC
_c1993
300 _aIX,374P
650 _aPschotropic drugs
_vPsychopharmacology
942 _cBK
999 _c2884
_d2884